<?xml version="1.0" encoding="UTF-8"?>
<record
    xmlns:xsi="http://www.w3.org/2001/XMLSchema-instance"
    xsi:schemaLocation="http://www.loc.gov/MARC21/slim http://www.loc.gov/standards/marcxml/schema/MARC21slim.xsd"
    xmlns="http://www.loc.gov/MARC21/slim">

  <leader>03453nam a2200553Ia 4500</leader>
  <controlfield tag="001">283</controlfield>
  <controlfield tag="008">241029s9999    xx            000 0 und d</controlfield>
  <datafield tag="010" ind1=" " ind2=" ">
    <subfield code="a">251</subfield>
  </datafield>
  <datafield tag="041" ind1=" " ind2=" ">
    <subfield code="a">Espa&#xF1;ol</subfield>
  </datafield>
  <datafield tag="082" ind1=" " ind2=" ">
    <subfield code="a">ISFODOSU TMLA 12-0001 BFEM EJ.1</subfield>
  </datafield>
  <datafield tag="245" ind1=" " ind2="0">
    <subfield code="a">Desarrollo de la competencia lectora en los/las estudiantes del 2do de Primer Ciclo del Nivel Medio en el Liceo Vespertino Elsa Mojica, sector Las Caobas, Provincia Santo Domingo, 15-05. A&#xF1;o lectivo 2011-2012.</subfield>
  </datafield>
  <datafield tag="260" ind1=" " ind2=" ">
    <subfield code="a">Santo Domingo</subfield>
  </datafield>
  <datafield tag="300" ind1=" " ind2=" ">
    <subfield code="a">127</subfield>
  </datafield>
  <datafield tag="520" ind1=" " ind2=" ">
    <subfield code="a">9</subfield>
  </datafield>
  <datafield tag="630" ind1=" " ind2=" ">
    <subfield code="a">Competencia Ling&#xFC;&#xED;stica</subfield>
  </datafield>
  <datafield tag="630" ind1=" " ind2=" ">
    <subfield code="a">Estrategia Metodol&#xF3;gica</subfield>
  </datafield>
  <datafield tag="630" ind1=" " ind2=" ">
    <subfield code="a">Estudiantes</subfield>
  </datafield>
  <datafield tag="650" ind1=" " ind2=" ">
    <subfield code="a">Lengua Espa&#xF1;ola</subfield>
  </datafield>
  <datafield tag="690" ind1=" " ind2=" ">
    <subfield code="a">Elaborado</subfield>
  </datafield>
  <datafield tag="700" ind1=" " ind2=" ">
    <subfield code="e">asesor</subfield>
    <subfield code="a">Polanco Rodr&#xED;guez , Genaro </subfield>
  </datafield>
  <datafield tag="700" ind1=" " ind2=" ">
    <subfield code="e">autor</subfield>
    <subfield code="a">B&#xE1;ez Gonz&#xE1;lez , Bianca Berenitza</subfield>
  </datafield>
  <datafield tag="700" ind1=" " ind2=" ">
    <subfield code="e">autor</subfield>
    <subfield code="a">N&#xFA;&#xF1;ez N&#xFA;&#xF1;ez , Luisa</subfield>
  </datafield>
  <datafield tag="901" ind1=" " ind2=" ">
    <subfield code="a">{"1":"B&#xE1;ez Gonz&#xE1;lez ","2":"N&#xFA;&#xF1;ez N&#xFA;&#xF1;ez "}</subfield>
    <subfield code="b">{"1":"Bianca Berenitza","2":"Luisa"}</subfield>
  </datafield>
  <datafield tag="902" ind1=" " ind2=" ">
    <subfield code="a">1</subfield>
  </datafield>
  <datafield tag="903" ind1=" " ind2=" ">
    <subfield code="a">{"1":"Polanco Rodr&#xED;guez "}</subfield>
    <subfield code="b">{"1":"Genaro "}</subfield>
  </datafield>
  <datafield tag="904" ind1=" " ind2=" ">
    <subfield code="a">Mag&#xED;ster en</subfield>
  </datafield>
  <datafield tag="905" ind1=" " ind2=" ">
    <subfield code="a">Ling&#xFC;&#xED;stica Aplicada</subfield>
  </datafield>
  <datafield tag="906" ind1=" " ind2=" ">
    <subfield code="a">1</subfield>
  </datafield>
  <datafield tag="907" ind1=" " ind2=" ">
    <subfield code="a">Orientada en</subfield>
  </datafield>
  <datafield tag="908" ind1=" " ind2=" ">
    <subfield code="a">Ense&#xF1;anza de la Lengua Espa&#xF1;ola</subfield>
  </datafield>
  <datafield tag="909" ind1=" " ind2=" ">
    <subfield code="a">ISFODOSU, Recinto F&#xE9;lix Evaristo Mej&#xED;a</subfield>
  </datafield>
  <datafield tag="910" ind1=" " ind2=" ">
    <subfield code="a">NULL</subfield>
    <subfield code="b">NULL</subfield>
  </datafield>
  <datafield tag="911" ind1=" " ind2=" ">
    <subfield code="a">["1"]</subfield>
  </datafield>
  <datafield tag="912" ind1=" " ind2=" ">
    <subfield code="a">NO APLICA</subfield>
  </datafield>
  <datafield tag="913" ind1=" " ind2=" ">
    <subfield code="a">NULL</subfield>
  </datafield>
  <datafield tag="914" ind1=" " ind2=" ">
    <subfield code="a">01 de Junio de 2012</subfield>
  </datafield>
  <datafield tag="915" ind1=" " ind2=" ">
    <subfield code="a">28/11/19 10:11</subfield>
  </datafield>
  <datafield tag="916" ind1=" " ind2=" ">
    <subfield code="a">NULL</subfield>
  </datafield>
  <datafield tag="917" ind1=" " ind2=" ">
    <subfield code="a">NULL</subfield>
  </datafield>
  <datafield tag="918" ind1=" " ind2=" ">
    <subfield code="a">NO APLICA</subfield>
  </datafield>
  <datafield tag="919" ind1=" " ind2=" ">
    <subfield code="a">["37","223","96"]</subfield>
  </datafield>
  <datafield tag="520" ind1=" " ind2=" ">
    <subfield code="a">Los objetivos principales de este estudio consistieron en analizar el desarrollo de la competencia lectora en los estudiantes del 2do. Grado, Primer Ciclo, del Liceo Vespertino Elsa Mojica, identificar las debilidades de comprensi&#xF3;n lectora en textos narrativos que presentan los estudiantes del 2do. Grado del&#xA0;Primer Ciclo, del Liceo Vespertino&#xA0;Elsa Mojica y&#xA0;determinar las estrategias de la lectura que emplean los docentes de dicho Liceo.La metodolog&#xED;a utilizada fue de tipo descriptivo. Se fundament&#xF3; en el m&#xE9;todo cient&#xED;fico y las t&#xE9;cnicas utilizadas fueron la observaci&#xF3;n, el cuestionario y el an&#xE1;lisis.Se trabaj&#xF3; con una poblaci&#xF3;n de ochocientos ochenta y siete (887) alumnos/as y como muestra se tomaron todos los maestros de Letras y un 9.76% de los alumnos matriculados.El estudio concluy&#xF3;, que los estudiantes de 2do. Grado del Nivel Medio del Liceo Elsa Mojica, aunque presentan ciertos conocimientos sobre el texto analizado, muestran apat&#xED;a por la lectura y se pudo verificar que existen discrepancias seg&#xFA;n las afirmaciones de los maestros de Lengua Espa&#xF1;ola planifican todas las actividades de competencia lectora con sus estudiantes. Tambi&#xE9;n se determin&#xF3; que un 66.66% de los docentes encuestados, s&#xF3;lo implementan la estrategia de lectura y pre-lectura dejando de todo las estrategia de post-lectura.El estudio recomend&#xF3;, que se deben realizar jornadas peri&#xF3;dicas de lectura, involucrarse en jornadas de lecturas grupales e individuales donde interact&#xFA;en con los diferentes tipos de textos, crear programas educativos con pol&#xED;ticas definidas que busquen la actualizaci&#xF3;n de materiales did&#xE1;cticos para los docentes y los alumnos, fortalecer y actualizar el curr&#xED;culo vigente con miras al desarrollo de nuevas estrategias y competencias para la formaci&#xF3;n de lectores.</subfield>
  </datafield>
  <datafield tag="921" ind1=" " ind2=" ">
    <subfield code="a">16</subfield>
  </datafield>
  <datafield tag="922" ind1=" " ind2=" ">
    <subfield code="a">16</subfield>
  </datafield>
  <datafield tag="923" ind1=" " ind2=" ">
    <subfield code="a">0</subfield>
  </datafield>
  <datafield tag="924" ind1=" " ind2=" ">
    <subfield code="a">NO APLICA</subfield>
  </datafield>
  <datafield tag="942" ind1=" " ind2=" ">
    <subfield code="c">Tesis</subfield>
  </datafield>
  <datafield tag="999" ind1=" " ind2=" ">
    <subfield code="c">251</subfield>
    <subfield code="d">251</subfield>
  </datafield>
</record>
